| 000 | 00368cam a2200145ua 4500 | ||
|---|---|---|---|
| 041 |
_aeng _h |
||
| 100 | _aSadanandan, A.K;. | ||
| 245 | _aBlack pepper Cultivation and management of pests and Diseases | ||
| 260 |
_a : _bDirectorarte of Extn. , _c2000. |
||
| 300 | _a ; . | ||
| 504 | _a | ||
| 700 | 1 | _aKallupurackal, Hohny A. | |
| 942 | _cBK | ||
| 999 |
_c13008 _d13008 |
||